| 000 | 00329nam a2200109Ia 4500 | ||
|---|---|---|---|
| 008 | 200302s9999 xx 000 0 und d | ||
| 100 | _aSsj Moy | ||
| 245 | _aIce Design And Practice Guides : Frp Composites Life Extion And Strengthening Of Metallic Structures | ||
| 260 | _bThomas Telfore Publishing | ||
| 260 | _c2001 | ||
| 300 | _a64 | ||
| 999 |
_c4718 _d4718 |
||